| 000 | 00803nam a2200241 a 4500 | ||
|---|---|---|---|
| 001 | 000023955 | ||
| 005 | 20200930022611.0 | ||
| 008 | 110117s1982 ag r 000 0 spa d | ||
| 020 | _a9501800172 | ||
| 040 |
_aDO-SdBNP _bspa _cBNPHU |
||
| 082 |
_axxxxx _bS874a |
||
| 100 | 1 |
_aStokes, Bruce _949278 |
|
| 245 | 1 | 0 |
_aAutoayuda : _bsoluciones comunitarias para problemas planetarios / _cBruce Stokes ; traducción Leandro Wolfson. |
| 260 |
_aBuenos Aires, Argentina : _bTres Tiempos, _c1982. |
||
| 300 |
_a165 p. ; _c20 cm. |
||
| 490 | 1 | _aLibros del hoy candente | |
| 490 | 1 |
_aEnsayos ; _v21 |
|
| 534 | _aHelping ourselves. Local solutions to global problems | ||
| 700 | 1 |
_aWolfson, Leandro, _etr. _98683 |
|
| 830 | 0 |
_aLibros del hoy candente _948885 |
|
| 830 | 0 |
_aEnsayos ; _n21 _949279 |
|
| 049 | _aBNGR | ||
| 999 |
_c23451 _d23451 |
||